People of WW1 - Statistics

General Stats
  • This quiz has been taken 11 times
    8 since last reset
  • The average score is 6 of 14
Answer Stats
Hint Answer % Correct
Man who was shot is Sarajevo, a key event leading to the war Franz Ferdinand
100%
Helped developed mobile X ray units nicknamed "Little Curies" Marie Curie
86%
Played a pivotal role in the conception and initiation of the Gallipoli Campaign, and would become prime minister of the UK Winston Churchill
86%
Young British officer, became a legend in World War I by leading Arab rebels against the Ottoman Empire. Lawrence of Arabia
71%
The most successful German Ace The Red Baron
71%
Man who shot the person above Gavrilo Princip
57%
Person featured on world war 1 propaganda posters Lord Kitchener
57%
WW1 poet who served as a lieutenant in the British army, and died a week before armistice day Wilfred Owen
29%
Woman who helped 200 allied soldiers escape German occupied Belgium Edith Cavell
14%
Indigenous Canadian Sniper who has 370 confirmed kills Francis Pegahmagabow
14%
The most successful Allied Ace Rene Fonck
14%
Served as a volunteer nurse; her memoir "Testament of Youth" became a defining account of wartime loss. Vera Britain
14%
The “Gallipoli Sniper” of the ANZAC troops Billy Sing
0%
Canadian doctor and poet of In Flanders Fields, the iconic WWI remembrance poem. John McCrae
0%
No matching quizzes found
Score Distribution
Percent of People with Each Score
Percentile by Number Answered
Your Score History
You have not taken this quiz since the last reset